The effects of land ownership on the development of mineral resources in England and Wales 1760-1960... (Record no. 85776)

MARC details
000 -LEADER
fixed length control field 00870cam a2200205 4500
001 - CONTROL NUMBER
control field D6688
008 - FIXED-LENGTH DATA ELEMENTS--GENERAL INFORMATION
fixed length control field 090401t1979 xxu||||| |||| 00| 0 eng d
035 ## - SYSTEM CONTROL NUMBER
System control number (Sirsi) u2480
041 ## - LANGUAGE CODE
Language code of text/sound track or separate title eng
050 ## - LIBRARY OF CONGRESS CALL NUMBER
Classification number 333.339
-- 18
100 ## - MAIN ENTRY--PERSONAL NAME
Personal name Lindsey, Hugh Greville Aubrey
245 #4 - TITLE STATEMENT
Title The effects of land ownership on the development of mineral resources in England and Wales 1760-1960...
Remainder of title for the Master of Philosophy (MPhil) degree
Statement of responsibility, etc. this thesis is submitted as part of the requirements of the Council for National Academic Awards for the award of the above higher degree
260 ## - PUBLICATION, DISTRIBUTION, ETC.
Date of publication, distribution, etc. 1979
300 ## - PHYSICAL DESCRIPTION
Extent xxi, 241p.
Dimensions 30cm
350 ## - PRICE (NR) (BK AM CF MU VM SE) [OBSOLETE]
Price 0
520 ## - SUMMARY, ETC.
Summary, etc. This thesis is an unpublished work and therefore cannot be photocopied without the author's permission.
690 ## - LOCAL SUBJECT ADDED ENTRY--TOPICAL TERM (OCLC, RLIN)
Topical term or geographic name as entry element ENVIRONMENTAL AND LAND CONSULTANCY-MINERAL RESOURCE MANAGEMENT
942 ## - ADDED ENTRY ELEMENTS (KOHA)
Suppress in OPAC 0
948 ## - LOCAL PROCESSING INFORMATION (OCLC); SERIES PART DESIGNATOR (RLIN)
c (OCLC) 04/03/1997
Holdings
Withdrawn status Lost status Source of classification or shelving scheme Damaged status Not for loan Home library Current library Shelving location Date acquired Total Checkouts Full call number Barcode Date last seen Copy number Price effective from Koha item type
    Dewey Decimal Classification     London London Basement 14/09/1999   SHELF 118 30005447 06/08/2019 1 06/08/2019 Reference material